000 01035nam a22002297a 4500
001 BRCA_9412
003 FranzMayer
005 20230918125751.0
008 230904b |||||||| |||| 00| 0 eng d
040 _aMFM
_bESPAÑOL
_cMFM
050 0 _aAM121.M6
_bI53 2004
110 1 _4Responsable
_aConacultura
_bINAH
_929616
240 _aMuseos de México y del Mundo. Vol 01. Número 01. La voluntad de mostrar, el ingenio de ver
_hThe Will to Show, the Talent to See
_lInglés/Español
245 0 _aMuseos de México y del Mundo. Vol 01. Número 01. La voluntad de mostrar, el ingenio de ver
_bThe Will to Show, the Talent to See
260 _aMéxico
_bConaculta
_c2004
300 _a186 p
_bIlustraciones a color
_c27 cm
500 _aAnexo 1
505 _aTexto en: inglés y españolIncluye índice temáticoDirigido a: museógrafos o personas relacionadas al museo.
650 1 _2Museos
_aColecciones y galerías
_vMuseología
_929617
651 2 _2Trabajos en museos
_aOrganización
_vMuseos mexicanos
_929618
942 _2lcc
_cH
999 _c11034
_d11034